<?xml version="1.0" encoding="UTF-8"?>
<collection xmlns="http://www.loc.gov/MARC21/slim">
 <record>
  <leader>00595nam a22001815a 4500</leader>
  <controlfield tag="001">EHU.bham004257</controlfield>
  <controlfield tag="003">AR-BHAM</controlfield>
  <controlfield tag="005">20080214122224.0</controlfield>
  <controlfield tag="008">130507s1977##################000#0#####d</controlfield>
  <datafield tag="082" ind1="5" ind2="7">
   <subfield code="a">571</subfield>
  </datafield>
  <datafield tag="100" ind1="1" ind2=" ">
   <subfield code="a">Hole, Frank</subfield>
  </datafield>
  <datafield tag="245" ind1="1" ind2="0">
   <subfield code="a">Introduccion a la arqueologia prehistorica /</subfield>
   <subfield code="c">Frank Hole , Robert F. Heizer ,</subfield>
  </datafield>
  <datafield tag="260" ind1=" " ind2=" ">
   <subfield code="a">Mexico :</subfield>
   <subfield code="b">Fondo De Cultura Economica,</subfield>
   <subfield code="c">1977</subfield>
  </datafield>
  <datafield tag="300" ind1=" " ind2=" ">
   <subfield code="a">319 p.</subfield>
  </datafield>
  <datafield tag="653" ind1=" " ind2=" ">
   <subfield code="a">Arqueologia</subfield>
  </datafield>
  <datafield tag="700" ind1="1" ind2=" ">
   <subfield code="a">Heizer, Robert F.</subfield>
  </datafield>
  <datafield tag="859" ind1=" " ind2=" ">
   <subfield code="a">AR-BHAM</subfield>
   <subfield code="b">BIB. HUMANIDADES - General</subfield>
   <subfield code="h">571</subfield>
   <subfield code="i">H714</subfield>
   <subfield code="p">152.84</subfield>
   <subfield code="t">Ej.1</subfield>
  </datafield>
  <datafield tag="859" ind1=" " ind2=" ">
   <subfield code="a">AR-BHAM</subfield>
   <subfield code="b">BIB. HUMANIDADES - General</subfield>
   <subfield code="h">571</subfield>
   <subfield code="i">H714</subfield>
   <subfield code="p">22.85</subfield>
   <subfield code="t">Ej.1</subfield>
  </datafield>
 </record>
</collection>
